লোডিং...

Introudction to the treering dating /

গ্রন্থ-পঞ্জীর বিবরন
প্রধান লেখক: Stokes, Marvin Aand
অন্যান্য লেখক: Smiley, Terah L.
ভাষা:Undetermined
প্রকাশিত: 1968
LEADER 00412nam a2200133Ia 4500
001 25636
008 170722s9999 xx 000 0 und d
100 |a Stokes, Marvin Aand 
245 |a Introudction to the treering dating / 
260 |c 1968 
700 |a Smiley, Terah L. 
942 |c GEN 
999 |c 4607  |d 4607 
952 |0 0  |1 0  |4 0  |6 JBOB_V76_K8  |7 0  |8 LC1  |9 5129  |a LIB  |b LIB  |d 2017-08-12  |o JBob V:76 K8  |p 126935  |r 2017-08-12  |w 2017-08-12  |y GEN